Statistics for 上海市地图 Shanghai Map Quiz

Click here to take the quiz!

General Stats

  • This quiz has been taken 3 460 times
  • The average score is 13 of 16

Answers on the Map

Answers color-coded by a green-red scale on the quiz's map according to % correct below.
 

Answer Stats

区划% Correct
浦东新区
98%
崇明区
95%
黄浦区
83%
闵行区
82%
静安区
80%
金山区
79%
徐汇区
78%
宝山区
78%
青浦区
78%
杨浦区
75%
嘉定区
74%
松江区
74%
奉贤区
73%
虹口区
72%
普陀区
70%
长宁区
67%

Score Distribution

Percentile by Number Answered

Percent of People with Each Score

Your Score History

You have not taken this quiz